|
|
|
|
| LEADER |
00000nab a2200000 a 4500 |
| 001 |
vtls008874753 |
| 003 |
SK-MaSNL |
| 005 |
20260303061305.0 |
| 008 |
141122c xo 0 slo |
| 015 |
|
|
|a SNBCL2005/5
|
| 035 |
|
|
|a SLK035146
|
| 040 |
|
|
|a SLKCL
|b slo
|c SNKBUCL
|e AACR2
|
| 041 |
1 |
|
|a slo
|
| 044 |
|
|
|a xo
|c SK
|
| 080 |
|
|
|a 579.8:57.083:061.3
|2 1981
|
| 245 |
0 |
0 |
|a Možnosti využití hemokultivačních systémů pro diagnostiku infekcí cévních katetrů
|c P. Čermák ... [et al.]
|
| 504 |
|
|
|a Bibliogr. odkazy
|
| 650 |
0 |
7 |
|a infekcie skrížené
|x diagnostika
|2 MESH
|9 1055238
|
| 650 |
0 |
7 |
|a bakteriémia
|x komplikácie
|2 MESH
|9 1055239
|
| 650 |
0 |
7 |
|a katétre, dočasne zavedené
|x mikrobiológia
|2 MESH
|9 1055240
|
| 650 |
0 |
7 |
|a Staphylococcus
|x patogenita
|2 MESH
|9 855466
|
| 650 |
0 |
7 |
|a sepsa
|2 MESH
|9 14471
|
| 650 |
0 |
7 |
|a štúdie klinické
|2 MESH
|9 840835
|
| 650 |
0 |
7 |
|a abstrakty z kongresu
|2 MESH
|9 168204
|
| 700 |
1 |
|
|a Čermák, Pavel
|4 aut
|9 334676
|
| 700 |
1 |
|
|a Zemková, M.
|4 aut
|9 1055241
|
| 700 |
1 |
|
|a Ulrychová, M.
|4 aut
|9 1055242
|
| 700 |
1 |
|
|a Víchová, P.
|4 aut
|9 1055243
|
| 700 |
1 |
|
|a Mazurová, J.
|4 aut
|9 1055244
|
| 711 |
1 |
|
|a Moravské-slovenské mikrobiologické dni
|n (13. :
|d 2005 :
|c Olomouc, Česko)
|4 aut
|9 1055245
|
| 773 |
0 |
|
|t Správy klinickej mikrobiológie
|g Roč. 5, č. SB/2005, s. 9-10
|x 1335-8219
|
| 850 |
|
|
|a Slovenská lekárska knižnica v Bratislave
|a BA006
|
| 852 |
|
|
|a BA006
|b KIS3GCP
|b 000500000
|
| 999 |
|
|
|c 1735021
|d 1736951
|